[Event "Croatian junior league 2021"]
[Site "Rabac"]
[Date "2021.04.11"]
[Round "11.16"]
[White "Cecic-Sule, Dino"]
[Black "Bedic, Noemi"]
[Result "1/2-1/2"]
[WhiteElo "1770"]
[BlackElo "1587"]
[Annotator "NA RC"]
[PlyCount "72"]
[EventDate "2021.04.06"]
[EventType "swiss"]
[EventCountry "CRO"]
[SourceTitle "playchess.com"]
[Source "ChessBase"]
[SourceQuality "1"]
[TimeControl "5400+30"]

1. d4 {[%emt 0:00:00]} Nf6 {[%emt 0:06:01]} 2. Nf3 {[%emt 0:00:00]} g6 {[%emt 0:00:16]} 3. c4 {[%emt 0:00:20]} d6 {[%emt 0:00:15]} 4. Nc3 {[%emt 0:00:10]} Bg7 {[%emt 0:00:07]} 5. e4 {[%emt 0:00:07]} O-O {[%emt 0:00:03]} 6. Be2 {[%emt 0:00:06]} Nbd7 {[%emt 0:00:35]} 7. O-O {[%emt 0:04:12]} e5 {[%emt 0:00:06]} 8. dxe5 {[%emt 0:01:29]} dxe5 {[%emt 0:00:14]} 9. Qc2 {[%emt 0:03:39]} c6 {[%emt 0:03:28]} 10. Bg5 {[%emt 0:08:58]} Qc7 {[%emt 0:02:46]} 11. Rfd1 {[%emt 0:03:34]} h6 {[%emt 0:00:09]} 12. Bxf6 {[%emt 0:06:18]} Bxf6 {[%emt 0:00:52]} 13. b4 {[%emt 0:01:10]} Rd8 {[%emt 0:02:31]} 14. Rd2 {[%emt 0:15:52]} Nf8 {[%emt 0:01:30]} 15. Rad1 {[%emt 0:07:56]} Bg4 {[%emt 0:04:09]} 16. Ne1 {[%emt 0:07:57]} Bxe2 {[%emt 0:03:09]} 17. Nxe2 {[%emt 0:00:48]} Ne6 {[%emt 0:00:09]} 18. Nf3 {[%emt 0:03:02]} a5 {[%emt 0:00:47]} 19. a3 {[%emt 0:04:02]} Kh7 {[%emt 0:03:31]} 20. Rxd8 {[%emt 0:04:47]} Rxd8 {[%emt 0:00:07]} 21. Rxd8 {[%emt 0:00:22]} Qxd8 {[%emt 0:00:13]} 22. Qd2 {[%emt 0:00:28]} Qxd2 {[%emt 0:03:40]} 23. Nxd2 {[%emt 0:00:19]} Be7 {[%emt 0:02:02]} 24. c5 {[%emt 0:01:29]} axb4 {[%emt 0:00:07]} 25. axb4 {[%emt 0:00:13]} Kg7 {[%emt 0:00:49]} 26. Nc4 {[%emt 0:00:59]} Kf6 {[%emt 0:06:00]} 27. Na5 {[%emt 0:00:27]} Nd8 {[%emt 0:00:12]} 28. Nc4 {[%emt 0:03:07]} Ke6 {[%emt 0:02:24]} 29. f3 {[%emt 0:02:00]} f6 {[%emt 0:05:13]} 30. Kf2 {[%emt 0:00:46]} Kd7 {[%emt 0:00:15]} 31. Ke3 {[%emt 0:00:39]} Ne6 {[%emt 0:01:04]} 32. f4 {[%emt 0:01:58]} exf4+ {[%emt 0:01:43]} 33. Nxf4 {[%emt 0:00:08]} Nxf4 {[%emt 0:01:21]} 34. Kxf4 {[%emt 0:00:07]} Bd8 {[%emt 0:00:21]} 35. h3 {[%emt 0:08:36]} Ke6 {[%emt 0:01:06]} 36. Kf3 {[%emt 0:01:13]} Bc7 {[%emt 0:07:02]} 1/2-1/2

[Event "Croatian junior league 2021"]
[Site "Rabac"]
[Date "2021.04.11"]
[Round "11.17"]
[White "Colev, Ivor"]
[Black "Damjanovic, Stjepan"]
[Result "1/2-1/2"]
[WhiteElo "1847"]
[BlackElo "1890"]
[Annotator "NA RC"]
[PlyCount "52"]
[EventDate "2021.04.06"]
[EventType "swiss"]
[EventCountry "CRO"]
[SourceTitle "playchess.com"]
[Source "ChessBase"]
[SourceQuality "1"]
[TimeControl "5400+30"]

1. e4 {[%emt 0:00:23]} c5 {[%emt 0:00:00]} 2. Nf3 {[%emt 0:00:00]} Nc6 {[%emt 0:00:20]} 3. d4 {[%emt 0:00:00]} cxd4 {[%emt 0:00:10]} 4. Nxd4 {[%emt 0:00:00]} Nf6 {[%emt 0:00:48]} 5. Nc3 {[%emt 0:00:00]} g6 {[%emt 0:00:32]} 6. Be3 {[%emt 0:00:00]} (6. Nxc6 $14 bxc6 7. e5) 6... Bg7 $1 {[%emt 0:00:50]} 7. Bc4 {[%emt 0:00:00]} O-O {[%emt 0:00:46]} 8. Bb3 {[%emt 0:00:00]} a5 {[%emt 0:01:12]} 9. f3 {[%emt 0:09:04]} d5 {[%emt 0:05:53]} 10. Nxc6 {[%emt 0:07:37]} bxc6 {[%emt 0:00:59]} 11. exd5 {[%emt 0:00:08]} a4 {[%emt 0:01:25]} 12. Nxa4 {[%emt 0:21:13]} Nxd5 {[%emt 0:02:13]} 13. Bd4 $17 {[%emt 0:02:58]} (13. Bb6 $15 Nxb6 14. Qxd8 Rxd8 15. Nxb6 Bxb2 16. Rd1 Rxd1+ 17. Kxd1) 13... Bxd4 {[%emt 0:17:02]} 14. Qxd4 {[%emt 0:00:08]} e5 {[%emt 0:00:10]} 15. Qd2 {[%emt 0:03:50]} Rxa4 {[%emt 0:26:54]} 16. Bxa4 {[%emt 0:04:48]} Qh4+ {[%emt 0:00:18]} 17. Qf2 {[%emt 0:03:55]} Qb4+ {[%emt 0:01:20]} 18. c3 {[%emt 0:02:29]} Qxa4 {[%emt 0:00:27]} 19. O-O {[%emt 0:00:10]} Nf4 {[%emt 0:00:15]} 20. Qe3 {[%emt 0:06:12]} f6 {[%emt 0:05:58]} 21. b3 {[%emt 0:03:13]} Qa3 {[%emt 0:00:47]} 22. Rfd1 {[%emt 0:01:31]} Qb2 {[%emt 0:06:47]} 23. Qd2 {[%emt 0:01:16]} Qa3 {[%emt 0:01:21]} 24. Qe3 {[%emt 0:05:30]} Qb2 {[%emt 0:07:24]} 25. Qd2 {[%emt 0:00:08]} Qa3 {[%emt 0:00:39]} 26. Qe3 {[%emt 0:03:45]} Nd5 {[%emt 0:11:28]} 1/2-1/2

[Event "Croatian junior league 2021"]
[Site "Rabac"]
[Date "2021.04.11"]
[Round "11.18"]
[White "Mandaric, Fran"]
[Black "Perko, Bartol"]
[Result "1/2-1/2"]
[WhiteElo "1684"]
[BlackElo "1766"]
[Annotator "NA RC"]
[PlyCount "64"]
[EventDate "2021.04.06"]
[EventType "swiss"]
[EventCountry "CRO"]
[SourceTitle "playchess.com"]
[Source "ChessBase"]
[SourceQuality "1"]
[TimeControl "5400+30"]

1. e4 {[%emt 0:00:00]} d5 {[%emt 0:00:00]} 2. exd5 {[%emt 0:00:00]} Qxd5 {[%emt 0:00:00]} 3. Nc3 {[%emt 0:00:00]} Qd8 {[%emt 0:00:00]} 4. d4 {[%emt 0:00:00]} Nf6 {[%emt 0:00:00]} 5. Bc4 {[%emt 0:00:01]} Bg4 {[%emt 0:00:27]} 6. Nf3 {[%emt 0:00:14]} e6 {[%emt 0:00:06]} 7. h3 {[%emt 0:00:15]} Bxf3 {[%emt 0:00:40]} 8. Qxf3 {[%emt 0:00:38]} c6 {[%emt 0:00:02]} 9. Be3 {[%emt 0:16:58]} Be7 {[%emt 0:01:07]} 10. O-O {[%emt 0:00:38]} O-O {[%emt 0:00:08]} 11. Rad1 {[%emt 0:08:22]} Nbd7 {[%emt 0:01:28]} 12. Qg3 {[%emt 0:02:18]} Kh8 {[%emt 0:00:28]} 13. f4 {[%emt 0:02:22]} Nb6 {[%emt 0:01:25]} 14. Bd3 {[%emt 0:03:02]} Nfd5 {[%emt 0:04:26]} 15. Nxd5 {[%emt 0:04:07]} Nxd5 {[%emt 0:03:37]} 16. c4 {[%emt 0:00:11]} Nxe3 {[%emt 0:00:10]} 17. Qxe3 {[%emt 0:00:06]} Bf6 {[%emt 0:03:42]} 18. Bc2 {[%emt 0:02:49]} g6 {[%emt 0:03:17]} 19. Kh1 {[%emt 0:05:49]} Bg7 {[%emt 0:02:15]} 20. Rd2 {[%emt 0:05:09]} Qc7 {[%emt 0:01:53]} 21. Rfd1 {[%emt 0:04:05]} Rad8 {[%emt 0:00:48]} 22. b3 {[%emt 0:03:58]} Kg8 {[%emt 0:03:28]} 23. Be4 {[%emt 0:00:36]} Qb6 {[%emt 0:02:08]} 24. Bf3 {[%emt 0:04:32]} Rd7 {[%emt 0:02:31]} 25. Qe4 {[%emt 0:01:27]} Rfd8 {[%emt 0:00:53]} 26. d5 {[%emt 0:00:59]} cxd5 {[%emt 0:01:34]} 27. cxd5 {[%emt 0:00:10]} exd5 {[%emt 0:01:08]} 28. Rxd5 {[%emt 0:01:56]} Rxd5 {[%emt 0:00:11]} 29. Rxd5 {[%emt 0:00:07]} Rxd5 {[%emt 0:00:05]} 30. Qe8+ {[%emt 0:04:59]} Bf8 {[%emt 0:02:00]} 31. Bxd5 {[%emt 0:00:14]} Qf6 {[%emt 0:00:24]} 32. Qe5 {[%emt 0:02:31]} Qxe5 {[%emt 0:02:49]} 1/2-1/2

[Event "Croatian junior league 2021"]
[Site "Rabac"]
[Date "2021.04.11"]
[Round "11.19"]
[White "Poljan, Max"]
[Black "Juric, Ester"]
[Result "0-1"]
[WhiteElo "1573"]
[BlackElo "1587"]
[Annotator "NA RC"]
[PlyCount "57"]
[EventDate "2021.04.06"]
[EventType "swiss"]
[EventCountry "CRO"]
[SourceTitle "playchess.com"]
[Source "ChessBase"]
[SourceQuality "1"]
[TimeControl "5400+30"]

1. c4 {[%emt 0:00:00]} e5 {[%emt 0:00:00]} 2. g3 {[%emt 0:00:00]} Nf6 {[%emt 0:00:00]} 3. Bg2 {[%emt 0:00:00]} c6 {[%emt 0:00:00]} 4. Nc3 {[%emt 0:00:00]} d5 {[%emt 0:00:00]} 5. cxd5 {[%emt 0:00:07]} cxd5 {[%emt 0:00:00]} 6. d4 {[%emt 0:00:20]} exd4 {[%emt 0:00:25]} 7. Qxd4 {[%emt 0:00:18]} Nc6 {[%emt 0:00:41]} 8. Qa4 {[%emt 0:00:41]} d4 {[%emt 0:02:18]} 9. Ne4 {[%emt 0:03:06]} Nxe4 {[%emt 0:01:30]} 10. Bxe4 {[%emt 0:00:13]} Bb4+ {[%emt 0:02:13]} 11. Bd2 {[%emt 0:01:59]} Bxd2+ {[%emt 0:01:27]} 12. Kxd2 {[%emt 0:00:06]} O-O {[%emt 0:03:17]} 13. Nf3 {[%emt 0:06:37]} Qb6 {[%emt 0:06:14]} 14. Rhb1 {[%emt 0:10:41]} Rd8 {[%emt 0:07:36]} 15. Bd3 {[%emt 0:05:21]} h6 {[%emt 0:09:39]} 16. Qb5 {[%emt 0:11:52]} Qxb5 {[%emt 0:01:02]} 17. Bxb5 {[%emt 0:00:41]} Bf5 {[%emt 0:00:12]} 18. Bd3 {[%emt 0:02:09]} Bxd3 {[%emt 0:00:20]} 19. exd3 {[%emt 0:00:42]} Rac8 {[%emt 0:01:53]} 20. Rc1 {[%emt 0:05:34]} f6 {[%emt 0:10:01]} 21. Rc4 {[%emt 0:07:51]} b5 {[%emt 0:03:12]} 22. Rc5 {[%emt 0:01:43]} Ne5 {[%emt 0:01:10]} 23. Rxc8 {[%emt 0:02:18]} Nxf3+ {[%emt 0:00:12]} 24. Ke2 {[%emt 0:00:07]} Rxc8 {[%emt 0:00:02]} 25. Kxf3 {[%emt 0:00:05]} Rc2 {[%emt 0:00:11]} 26. Rb1 {[%emt 0:07:25]} Kf7 {[%emt 0:00:26]} 27. Ke4 {[%emt 0:04:56]} Rxf2 {[%emt 0:02:59]} 28. Kxd4 {[%emt 0:00:06]} Rf5 {[%emt 0:06:42]} 29. Ke4 {[%emt 0:00:47]} 0-1

[Event "Croatian junior league 2021"]
[Site "Rabac"]
[Date "2021.04.11"]
[Round "11.20"]
[White "Markovic, Marko"]
[Black "Hergotic, Mihael"]
[Result "1-0"]
[WhiteElo "2232"]
[BlackElo "1476"]
[Annotator "TA"]
[PlyCount "33"]
[EventDate "2021.04.06"]
[EventType "swiss"]
[EventCountry "CRO"]
[SourceTitle "playchess.com"]
[Source "ChessBase"]
[SourceQuality "1"]

{[%evp 12,33,45,0,0,0,78,68,85,54,75,28,70,70,344,352,359,359,560,560,890,690,2070,2019]} 1. e4 e5 2. Nf3 Nc6 3. Bc4 Bc5 4. O-O Nf6 5. d4 exd4 6. e5 Ng4 7. Bxf7+ Kxf7 {C56: Two Knights: 4 d4 exd4 5 0-0 Nxe4.} 8. Ng5+ {[%mdl 64] [#] Discovered Attack} Kf8 (8... Kg8 $11 9. Qxg4 d5) 9. Qxg4 $16 {Threatening mate with Qf5+.} Qe7 {White is slightly better.} 10. c3 {[#]} h6 $146 ({Predecessor:} 10... Nxe5 11. Qf5+ Qf6 12. Nxh7+ Rxh7 13. Qxh7 Ng6 14. Qh5 b6 15. Bg5 Qf5 16. b4 Bd6 17. cxd4 {0-1 (28) Perez Castellano,S-Vasnani Gurbani,B Las Palmas 2005}) 11. Nf3 {[%cal Rc3d4]} dxc3 12. Nxc3 Nxe5 $2 {[%mdl 8192]} (12... d6 $14 13. Qf4+ Kg8) 13. Qf5+ $18 Nf7 14. Nd5 Qd6 (14... d6 {was worth a try.}) 15. Bf4 {White is clearly winning.} Qc6 {[#]} 16. Ne5 $1 {[%csl Ge5][%cal Rf5f7]} Qxd5 (16... Qe6 17. Ng6+) 17. Ng6+ {[%mdl 64] Double Attack, Discovered Attack. White took control after the opening.  Weighted Error Value: White=0.14/Black=1.04} 1-0

[Event "Croatian junior league 2021"]
[Site "Rabac"]
[Date "2021.04.11"]
[Round "11.21"]
[White "Kovac, Petar"]
[Black "Cvitan, Ena"]
[Result "0-1"]
[WhiteElo "2089"]
[BlackElo "2263"]
[Annotator "TA"]
[PlyCount "58"]
[EventDate "2021.04.06"]
[EventType "swiss"]
[EventCountry "CRO"]
[SourceTitle "playchess.com"]
[Source "ChessBase"]
[SourceQuality "1"]

{[%evp 10,58,18,0,0,0,0,0,8,6,1,10,12,15,2,14,20,-13,21,-19,-3,-10,107,-5,0,-8,-4,-12,10,10,17,12,16,0,39,14,23,0,52,0,0,0,0,-31,-16,-42,50,0,0,-795,-787]} 1. d4 Nf6 2. c4 e6 3. Nf3 d5 4. Nc3 dxc4 5. e3 a6 6. a4 b6 {D24: Queen's Gambit Accepted: 3 Nf3 Nf6 4 Nc3.} 7. Bxc4 Bb7 8. O-O c5 {The position is equal.} 9. Qe2 Qc7 10. Rd1 Be7 11. e4 cxd4 12. Nxd4 {With the idea Bxe6.} Nc6 {[#]} 13. Nf3 $146 ({Predecessor:} 13. Nxc6 Qxc6 14. f3 Bc5+ 15. Kh1 O-O 16. e5 Nd7 17. Bf4 Rfd8 18. Ne4 Nf8 19. Rxd8 Rxd8 20. Bxa6 Bxa6 21. Qxa6 {1-0 (46) Stluka,F (2148)-Cekan,P (1972) Klatovy 2007}) 13... Ne5 14. Ba2 Bd6 15. Nd4 Nc6 {[#]} (15... Ng6 $1 $11) 16. Nf3 ({Only move:} 16. Nxc6 $1 $16 Qxc6 17. Bg5) 16... Ne5 17. Nd4 {aiming for Ncb5!} Ng6 18. g3 {Hoping for Ndb5!} Bb4 19. Bg5 Bxc3 20. Bxf6 gxf6 21. bxc3 Qe5 22. f3 h5 23. Qb2 O-O (23... Rb8 $11) 24. Re1 (24. Qd2 $14) 24... Qc5 $11 25. Kg2 Ne5 {Black wants to play ...Nd3.} 26. Qd2 Kh7 27. Rad1 Rac8 ({Black should try} 27... Rfd8 $15) 28. Qf4 Qe7 29. Re3 {[%mdl 8192] [#]} ({Avoid the trap} 29. Nf5 $2 exf5 30. Qxf5+ Kg7 $19) (29. Bd5 $11) 29... Ng6 {Weighted Error Value: White=0.47/Black=0.23} 0-1

[Event "Croatian junior league 2021"]
[Site "Rabac"]
[Date "2021.04.11"]
[Round "11.22"]
[White "Ghersinich, Enrico"]
[Black "Stjepic, Borna"]
[Result "1-0"]
[WhiteElo "2186"]
[BlackElo "1825"]
[Annotator "TA"]
[PlyCount "42"]
[EventDate "2021.04.06"]
[EventType "swiss"]
[EventCountry "CRO"]
[SourceTitle "playchess.com"]
[Source "ChessBase"]
[SourceQuality "1"]

{[%evp 14,42,75,66,128,73,96,75,73,84,82,62,147,132,150,149,152,149,162,157,218,222,226,220,269,260,311,311,444,435,672]} 1. c4 Nf6 2. Nc3 g6 3. d4 Bg7 4. e4 d6 5. Be2 O-O 6. Be3 e5 7. d5 a5 8. g4 Qd7 {E73: King's Indian: Averbakh Variation without 6...c5.} (8... Na6 $14) 9. f3 ({Better is} 9. g5) 9... Na6 10. h4 h5 {[%cal Rh5g4] White is better.} 11. g5 Ne8 12. Qd2 c6 {[#]} (12... a4 $14) 13. Na4 $146 {[%mdl 2048] aiming for Nb6. White is really pushing.} ({Predecessor:} 13. O-O-O Qc7 14. Nh3 Bxh3 15. Rxh3 Qd7 16. Rh2 Nac7 17. dxc6 bxc6 18. c5 Rd8 19. cxd6 Qxd6 20. Qxd6 Nxd6 {1-0 (49) Nunes,M (1543)-Fanckin,A (1299) Florianopolis 2018}) 13... Qe7 14. Nb6 Rb8 15. Qxa5 Nec7 16. Qd2 c5 (16... Bd7 $16 {is a better defense.} 17. O-O-O cxd5) 17. a3 $18 {[%cal Ba2a3,Ba3b4][%mdl 32]} Na8 18. Nxc8 Rfxc8 19. b4 cxb4 20. axb4 b5 (20... N8c7 {was worth a try.} 21. b5 Nc5 22. Bxc5 dxc5) 21. Rxa6 Qd7 {Weighted Error Value: White=0.08/Black=0.34} (21... bxc4 $142 22. Rc6 Qd7 23. Bxc4 Rxc6 24. dxc6 Qxc6) 1-0

[Event "Croatian junior league 2021"]
[Site "Rabac"]
[Date "2021.04.11"]
[Round "11.23"]
[White "Vukojevic, Toni"]
[Black "Purini, Bruno"]
[Result "0-1"]
[WhiteElo "1538"]
[BlackElo "1987"]
[Annotator "TA"]
[PlyCount "100"]
[EventDate "2021.04.06"]
[EventType "swiss"]
[EventCountry "CRO"]
[SourceTitle "playchess.com"]
[Source "ChessBase"]
[SourceQuality "1"]

{[%evp 13,100,0,7,0,0,0,0,0,0,0,17,0,13,-1,19,-8,31,-23,52,-25,-17,-54,-53,-45,-55,-54,-18,-22,-8,-51,-35,-39,-7,-8,0,0,0,-10,129,-152,-136,-135,-105,-225,-189,-176,-181,-154,-137,-114,-118,-179,-166,-245,-174,-177,-184,-189,-191,-224,-219,-314,-300,-296,-310,-279,-285,-869,-908,-884,-829,-29969,-29968,-6117,-12579,-29966,-29965,-29977,-29978,-29978,-29979,-29979,-29980,-29980,-29981,-29980,-29981,-29980,-29980]} 1. e4 e5 2. Nf3 Nc6 3. Bb5 a6 4. Ba4 Nf6 5. d3 b5 6. Bb3 Bc5 7. c3 {7.Nc3 is a critical line.} d6 8. h3 {C77: Ruy Lopez: 3...a6 4 Ba4 Nf6, unusual lines.} h6 9. O-O O-O 10. Re1 {The position is equal.} Bb6 11. Nbd2 Ne7 12. Nf1 Ng6 13. Ng3 Re8 14. Be3 c6 {[#]} 15. Bc2 $146 (15. d4 $14) ({Predecessor:} 15. Qd2 Bxe3 16. fxe3 Qc7 17. Qf2 c5 18. Bc2 Be6 19. Nf5 d5 20. g4 dxe4 21. dxe4 {½-½ (50) Tamarozi,I (2035)-Quevedo,A (1724) Montevideo 2016}) 15... d5 (15... Bxe3 $11 16. Rxe3 Nf4) 16. Nf5 (16. Bxb6 $14 Qxb6 17. d4) 16... Bxe3 17. Rxe3 Qc7 18. N3h4 Nxh4 19. Nxh4 dxe4 20. dxe4 Be6 21. Rg3 Kh8 22. Qf3 Qe7 23. Bb3 Rg8 24. Bxe6 Qxe6 25. Nf5 Kh7 {[#]} (25... Rad8 $11) 26. b3 $2 {[%mdl 8192]} (26. Rd1 $1 $16 {[%cal Rd1d6] Black must now prevent Rd6.} Ne8 27. Qe3) 26... g6 $17 27. Ne3 Rad8 28. Rd1 (28. Ng4 $17 Nh5 29. Qe3) 28... Nh5 29. Rg4 Nf4 30. Kh2 a5 31. c4 b4 32. Rg3 (32. c5 $17) 32... Qe7 $19 33. Nf1 (33. c5 $142) 33... Rxd1 34. Qxd1 Rd8 35. Qc2 Qd6 36. Rf3 Kg7 37. Qb2 (37. c5 {was necessary.} Qd4 38. Qb1) 37... Qd4 38. Qxd4 Rxd4 {[%mdl 4096] Endgame KRN-KRN} 39. Re3 Rd1 40. g3 $2 {[#]} (40. Kg1) 40... Rxf1 41. gxf4 Rxf2+ 42. Kg3 exf4+ 43. Kxf2 fxe3+ 44. Kxe3 {KP-KP} c5 {Black mates.} 45. Kf4 Kf6 46. e5+ Ke6 47. h4 g5+ 48. hxg5 hxg5+ 49. Ke4 g4 50. Kf4 g3 {Weighted Error Value: White=0.71/Black=0.17} 0-1